000 00386nam a2200145Ia 4500
008 240624s9999 xx 000 0 und d
041 _aeng
082 _a004.25 GAR
100 _aGARG VINOD KUMAR
245 _aWORKBOOK ON SYSTEMS ANALYSIS AND DESIGN
250 _a(2nd ed.)
260 _c2002
_aNew Delhi
_bPrentice-Hall of India
300 _axiv, : 250 : p. : cm. ; 26
365 _cRS
999 _c3432
_d3432